| 000 | 00415nam a2200145 a 4500 | ||
|---|---|---|---|
| 001 | 5506 | ||
| 003 | CDMR | ||
| 005 | 20130320111203.0 | ||
| 008 | 130130s2003||||||||||||||||||||||||||||d | ||
| 040 |
_aCDMR _bcat _cCPC LLEIDA |
||
| 245 | 0 | 0 | _aRecord de Manuel Martín i Julià |
| 260 |
_aLleida _c2003 _bDepartament de Treball, Indústria, Comerç i Turisme |
||
| 710 | 1 |
_91064 _aCatalunya _b -- Generalitat |
|
| 942 |
_cMON _2ddc |
||
| 999 |
_c5506 _d5506 |
||